MAASAI MARA UNIVERSITY

LIBRARY CATALOGUE

Contact Us: +254 020 2685356/7 or 0774 057787

Box: 861-20500, NAROK, KENYA

Email: info@mmarau.ac.ke

Endocrine secrets / (Record no. 16099)

MARC details
000 -LEADER
fixed length control field 01057nam a22003017a 4500
001 - CONTROL NUMBER
control field 1184529
003 - CONTROL NUMBER IDENTIFIER
control field OSt
005 - DATE AND TIME OF LATEST TRANSACTION
control field 20230124065034.0
008 - FIXED-LENGTH DATA ELEMENTS--GENERAL INFORMATION
fixed length control field 151215b xxu||||| |||| 00| 0 eng d
010 ## - LIBRARY OF CONGRESS CONTROL NUMBER
LC control number 97081435
020 ## - INTERNATIONAL STANDARD BOOK NUMBER
International Standard Book Number 1560534494
040 ## - CATALOGING SOURCE
Original cataloging agency MMU
Transcribing agency MMU
Language of cataloging eng
Modifying agency MMU
050 00 - LIBRARY OF CONGRESS CALL NUMBER
Classification number RC649
Item number .M36 2001
082 00 - DEWEY DECIMAL CLASSIFICATION NUMBER
Classification number 616.4/0076
Edition number 21
100 1# - MAIN ENTRY--PERSONAL NAME
Personal name McDermott, Michael T.,
Dates associated with a name 1952-
245 10 - TITLE STATEMENT
Title Endocrine secrets /
Statement of responsibility, etc. Michael T. McDermott.
250 ## - EDITION STATEMENT
Edition statement 3nd ed.
260 ## - PUBLICATION, DISTRIBUTION, ETC. (IMPRINT)
Place of publication, distribution, etc. Philadelphia :
Name of publisher, distributor, etc. Hanley & Belfus,
Date of publication, distribution, etc. c1998.
300 ## - PHYSICAL DESCRIPTION
Extent xii, 493 p. :
Other physical details ill. ;
Dimensions 23 cm.
440 #4 - SERIES STATEMENT/ADDED ENTRY--TITLE
Title The secrets series
504 ## - BIBLIOGRAPHY, ETC. NOTE
Bibliography, etc Includes bibliographical references and index.
650 00 - SUBJECT ADDED ENTRY--TOPICAL TERM
Topical term or geographic name as entry element Endocrinology
General subdivision Examinations, questions, etc.
650 #0 - SUBJECT ADDED ENTRY--TOPICAL TERM
Topical term or geographic name as entry element Endocrine glands
General subdivision Diseases
-- Examinations, questions, etc.
650 12 - SUBJECT ADDED ENTRY--TOPICAL TERM
Topical term or geographic name as entry element Endocrine Diseases
General subdivision physiopathology.
906 ## - LOCAL DATA ELEMENT F, LDF (RLIN)
a 7
b cbc
c orignew
d 2
e opcn
f 19
g y-gencatlg
942 ## - ADDED ENTRY ELEMENTS (KOHA)
Source of classification or shelving scheme Library of Congress Classification
Koha item type L
Holdings
Withdrawn status Lost status Source of classification or shelving scheme Damaged status Not for loan Home library Current library Date acquired Source of acquisition Total Checkouts Full call number Barcode Date last seen Price effective from Koha item type
    Library of Congress Classification     Maasai Mara University Library -Main Campus Maasai Mara University Library -Main Campus 12/15/2015 Donation   RC649.M6 2001 201515239 12/15/2015 12/15/2015 L
© 2016 Maasai Mara University.